000 00289nam a22001337a 4500
008 170810b xxu||||| |||| 00| 0 eng d
020 _a9780201447873
041 _aeng
080 _a004
100 _a35
101 _aSHKI
245 _aTHE PRACTICAL SQL
_cBOWMAN, J.S
942 _2udc
_cBK
999 _c23092
_d23092